000
00327 a2200109 4500
001
ART_2960
005
20260410161711.0
008
260409a
245
1
0
_a
La estrategia del desarrollo indirecto
100
1
_a
Di Tella, Guido
773
0
_t
Desarrollo económico
_g
- Vol. 8, Nº 32 (ene./mar. 1969)
_w
REV1174
999
_c
16087
_d
16087